Click an AMC Show Quiz Stats

 Plays Quiz Updated Dec 31, 2020

Support Sporcle.
Go Orange.
Score 0/16 Timer 04:00
2 Plays Today
% Correct
The Walking Dead
92.3%
Better Call Saul
88%
Mad Men
87.2%
Preacher
84.8%
Comic Book Men
82.8%
Breaking Bad
74%
Fear the Walking Dead
71.3%
Talking Dead
69.5%
% Correct
TURИ: Washington's Spies
66.4%
Humans
59.6%
The Killing
58.2%
Hell on Wheels
52.2%
Halt and Catch Fire
49.6%
Into the Badlands
46.7%
The Prisoner
46.6%
The Son
45.4%

You're not logged in!

Compare scores with friends on all Sporcle quizzes.
OR
Log In

From the Vault

Stage Names II

by Ben

Arguably the only profession that uses stage names more than professional wrestlers comes from Hollywood.
Remove Ads.
Support Sporcle.
Get the best of Sporcle when you Go Orange. This ad-free experience offers more features, more stats, and more fun while also helping to support Sporcle. Thank you for becoming a member.

Show Comments

Extras

Top Quizzes Today


Score Distribution

Your Account Isn't Verified!

In order to create a playlist on Sporcle, you need to verify the email address you used during registration. Go to your Sporcle Settings to finish the process.

Report this User

Report this user for behavior that violates our Community Guidelines.

Details: